| 000 | 00818nam a2200241 i 4500 | ||
|---|---|---|---|
| 001 | 96889 | ||
| 003 | ES-MaACL | ||
| 005 | 20250602063221.0 | ||
| 007 | t| | ||
| 008 | 050704s1958 sp |||| | spa d | ||
| 100 | 1 |
_aMannheim, Karl, _d1893-1947 _976063 |
|
| 245 | 1 | 0 |
_aIdeología y utopía _b: introducción a la sociología del conocimiento / _cKarl Mannheim ; traducción del inglés por Eloy Terrón ; prólogo de Louise Wirth. |
| 260 |
_aMadrid : _bAguilar, _c1958. |
||
| 300 |
_a453 p. ; _c21 cm. |
||
| 490 | 1 | _aColección literaria | |
| 650 | 0 | 4 |
_aIdeología. _913544 |
| 650 | 4 |
_aSociología del conocimiento. _917211 |
|
| 700 | 1 |
_aTerrón, Eloy. _9109798 |
|
| 700 | 1 |
_aWirth, Louis. _9117136 |
|
| 830 | 0 |
_aColección literaria _9179831 |
|
| 852 |
_aES-MaACL _jC-14636 |
||
| 999 |
_c96889 _d96889 |
||